|
|
|
|
| LEADER |
00000nam a2200000 a 4500 |
| 001 |
vtls001287435 |
| 003 |
SK-MaSNL |
| 005 |
20260416164815.0 |
| 008 |
240315s1972 xx 0 und |
| 035 |
|
|
|a SNK000239013
|
| 040 |
|
|
|a SNK
|b slo
|c SNK
|e AACR2
|
| 100 |
1 |
|
|a Bažant, Vratislav
|4 aut
|9 287323
|
| 245 |
1 |
|
|a Konservační stomatologie
|
| 260 |
|
|
|a Praha
|b Státní pedagogické nakladatelství
|c 1972
|
| 300 |
|
|
|a 351 s.
|
| 958 |
|
|
|a OND
|
| 999 |
|
|
|c 542213
|d 544143
|
| 952 |
|
|
|t P60, <04>, [BOOK], {604}
|a SNK
|b SNK
|y VYP
|7 0
|p 17A0068183
|o snkIC 60649 D1
|0 0
|1 1
|4 0
|d 1997-05-19
|l 0
|r 2005-01-02 00:00:00
|w 2026-02-23
|
| 952 |
|
|
|a SNK
|b SNK
|y VYP
|7 0
|p 17A0523896
|o snkIC 60649
|i snkKIP 3077/75
|3 rekatalogizácia
|0 0
|1 0
|4 0
|d 2006-10-18
|l 0
|r 2026-02-23 12:44:04
|w 2026-02-23
|